000
00339nam a2200145Ia 4500
008
191201s2004 xx 000 0 und d
082
_a
660.6
_b
IGB
100
_a
LGNACIMUTH S
245
0
_a
Basic of Biotechnology
250
_a
11st
260
_a
N.Delhi
_b
Tata mc Graw Hill
_c
2004
300
_a
317
650
_a
Applied
942
_2
ddc
_c
BK
999
_c
2473
_d
2473